| 000 | 00491nam a2200157Ia 4500 | ||
|---|---|---|---|
| 008 | 140626s9999 xx 000 0 und d | ||
| 100 | _aCapezuti, Elizabeth. | ||
| 245 |
_aUtilization of a benchmarking database to inform NICHE implementation / _cElizabeth Capezuti ... [et al.]. |
||
| 260 | _cc2013. | ||
| 300 | _a6 : 1, page 198 | ||
| 440 | _aResearch in Gerontological Nursing | ||
| 521 | _aNUR | ||
| 650 | _aBenchmarking database. | ||
| 650 | _aNICHE implementation. | ||
| 942 | _cSE | ||
| 999 |
_c121467 _d121467 |
||